Boston Celtics 2017-18 Roster - Statistics

General Stats
  • This quiz has been taken 926 times
  • The average score is 10 of 17
Answer Stats
Nbr Post Player % Correct
0 Forward Jayson Tatum
96%
7 Guard-Forward Jaylen Brown
95%
11 Guard Kyrie Irving
94%
42 Forward-Center Al Horford
92%
36 Guard Marcus Smart
87%
20 Forward Gordon Hayward
81%
- Head Coach Brad Stevens
74%
12 Guard Terry Rozier
67%
13 Forward Marcus Morris
62%
46 Center Aron Baynes
60%
27 Forward-Center Daniel Theis
55%
37 Forward Semi Ojeleye
40%
30 Forward Guerschon Yabusele
36%
8 Guard Shane Larkin
35%
26 Guard Jabari Bird
24%
28 Forward Abdel Nader
23%
45 Guard Kadeem Allen
18%
No matching quizzes found
Score Distribution
Percent of People with Each Score
Percentile by Number Answered
Your Score History
You have not taken this quiz